Bundesliga Spieler mit 150+ Toren - Fußball Sudden Death #9 - Statistiken

Allgemein
  • Dieses Quiz wurde 6.069 mal gespielt
  • Das Durchschnittsergebnis liegt bei 3 aus 14
Answers on the Grid
Answers color-coded by a green-red scale on the quiz's grid according to % correct below.
Marco Reus
Rudi Völler
Uwe Seeler
Jupp Heynckes
Thomas Müller
Stefan Kießling
Klaus Fischer
Lothar Matthäus
Miro Klose
Martin Max
Gerd Müller
Ailton
Kalle Rummenigge
Klaus Allofs
Michael Zorc
Dieter Müller
Horst Hrubesch
Stefan Kuntz
Ulf Kirsten
Robert Lewandowski
Paul Breitner
Arjen Robben
Mehmet Scholl
Nils Petersen
Manfred Burgsmüller
Frank Ribery
Lars Stindl
Bernd Hölzenbein
Günther Netzer
Mario Gomez
 
Antwortstatistiken
Antwort % Korrekt
Marco Reus
49%
Thomas Müller
47%
Gerd Müller
37%
Robert Lewandowski
37%
Jupp Heynckes
21%
Klaus Fischer
17%
Kalle Rummenigge
14%
Mario Gomez
14%
Ulf Kirsten
7%
Dieter Müller
6%
Klaus Allofs
5%
Manfred Burgsmüller
5%
Stefan Kuntz
3%
Bernd Hölzenbein
2%
Keine übereinstimmenden Quizze gefunden
Verteilung der Resultate
Anzahl Personen mit jedem Resultat
Perzentil nach korrekt beantworteten Fragen
Ihre Resultats-Entwicklung
Sie haben dieses Quiz noch nicht gespielt